Artistas musicales de Argentina - Estadísticas

Estadísticas generales
  • Esta prueba ha sido intentada 1.974 veces
  • La puntuación promedio es 9 de 18
Estadísticas de respuestas
Canciones Artista % Correcto
«She Don't Give a Fo» | «Goteo» | «Unfollow» Duki
88%
«Una foto (Remix)» | «La_Original.mp3» Emilia Mernes
81%
«Adán y Eva» | «Nena maldición» Paulo Londra
81%
«Miénteme» | «Cupido» | «La_Original.mp3» Tini Stoessel
77%
Music Sessions | «Baby, Hello» Bizarrap
75%
«Mamichula» | «Wapo traketero» Nicki Nicole
73%
«Miénteme» | «El amor de mi vida» María Becerra
58%
«Persiana americana» | «De música ligera» Soda Stereo
49%
«Crimen» | «Adiós» | «Puente» Gustavo Cerati
47%
«11 y 6» | «Mariposa tecknicolor» Fito Páez
42%
«Color esperanza» | «Un poquito» | «Sueños» Diego Torres
38%
«Mal bicho» | «Vasos vacíos» | «Matador» Los Fabulosos Cadillacs
27%
«Alfonsina y el mar» | «Zona de promesas» Mercedes Sosa
25%
«Irresponsables» | «El loco» | «La lanza» Babasónicos
24%
«Muchacha (Ojos de papel)» | «Ana no duerme» Almendra
21%
«Color esperanza 2020» | «N5» | «Yo te diré» Lali Espósito
19%
«Adiós Nonino» | «Oblivion» | «Libertango» Astor Piazzolla
18%
«Si me tomo una cerveza» | «Mercho» | «Atorrante» Migrantes
18%
No se encontraron pruebas coincidentes
Distribución de puntuación
Porcentaje de gente con cada puntuación
Porcentaje por número respondido
Historial de tus puntuaciones
No has intentado esta prueba.